| 000 | 00664cam a2200205 a 4500 | ||
|---|---|---|---|
| 001 | 000015748 | ||
| 005 | 20200929164134.0 | ||
| 008 | 910820s1989 cu b 000 0dspa | ||
| 040 |
_aDO-SdBNP _bspa _cLC _dBNPHU |
||
| 082 |
_a079.7291 _bN964m |
||
| 100 | 1 |
_aNúñez Machín, Ana, _d1933- _95553 |
|
| 245 | 1 | 0 |
_aMujeres en el periodismo cubano / _cAna Núñez Machín. |
| 260 |
_aSantiago de Cuba : _bOriente, _c1989. |
||
| 300 |
_a210 p. ; _c21 cm. |
||
| 504 | _aIncluye referencias bibliográficas p. 203-207. | ||
| 650 | 4 |
_aPeriodismo _zCuba _99693 |
|
| 650 | 4 |
_aMujeres en el periodismo _zCuba. _935433 |
|
| 910 | _aCatalogación por copia / LC | ||
| 049 | _aBNGR | ||
| 999 |
_c15298 _d15298 |
||